Wszystkie Karty 91+ w FIFIE 20 - Statystyki

Ogólne statystyki
  • Ten quiz został rozwiązany 84 razy
  • Średni wynik to 163 z 464
Statystyki odpowiedzi
Overral Nazwisko % Poprawnych
94 | 95 | 96 | +2 others Messi
99%
93 | 94 | 95 | +3 others Ronaldo
99%
91 | 92 | 93 | +3 others Lewandowski
95%
92 | 93 | 94 | +2 others Neymar
89%
91 | 92 | 93 | +2 others Mbappe
85%
91 | 95 | 98 | 99 Pele
85%
91 | 95 | 97 | 99 Maradona
84%
91 | 92 | 93 | +4 others De Bruyne
81%
91 | 92 | 93 | 99 Van dijk
78%
91 Van Dijk
78%
91 | 92 | 94 | 97 Salah
73%
91 | 97 | 98 Mane
71%
91 | 93 | 96 Ramos
66%
97 Alisson
64%
92 Neuer
62%
97 Benzema
60%
91 | 92 | 93 | 96 Modrić
60%
94 Robertson
59%
94 | 95 Ronaldinho
59%
91 | 92 | 97 Kante
56%
91 | 97 Suarez
56%
97 Varane
56%
95 Szczęsny
55%
91 | 94 | 95 | 97 Silva
53%
91 | 92 | 94 | 95 Hazard
52%
91 | 92 | 95 Ter-Stegen
52%
91 | 92 | 96 Aguero
51%
91 | 92 | 93 Kane
51%
91 | 92 | 96 Oblak
51%
91 | 95 Reus
48%
95 Alexander-Arnold
47%
91 | 93 Carlos
47%
93 | 94 Gullit
47%
96 Kimmich
45%
92 | 94 | 95 Maldini
45%
95 Muller
45%
93 Pique
45%
92 De Gea
42%
94 De Jong
42%
92 | 95 Haaland
42%
91 Marcelo
42%
92 Pogba
42%
92 Casemiro
41%
94 Dybala
41%
91 | 92 | 96 Griezmann
41%
96 Sancho
41%
97 Werner
41%
91 | 94 | 96 | 97 Zidane
41%
93 Courtois
40%
91 | 96 Di Maria
40%
93 Gnabry
40%
96 Kroos
40%
91 Bale
38%
93 | 94 | 97 Alberto
37%
91 | 96 Hummels
37%
93 Mendy
37%
95 Verratti
37%
94 Havertz
36%
96 De Ligt
34%
94 Henderson
34%
91 | 96 Immobile
34%
91 | 92 | 94 | 96 Martinez
34%
91 | 94 | 96 Cruyff
33%
95 Lukaku
33%
91 Sane
33%
95 Son
33%
93 Thiago
33%
91 | 94 | 95 Yashin
33%
92 Davies
32%
92 | 93 Figo
32%
92 | 93 Hernandez
32%
91 | 94 Kaka
32%
95 Mahrez
32%
92 | 93 Rivaldo
32%
91 | 92 Van Der Sar
32%
94 Carvajal
30%
92 Ferdinand
30%
91 Goretzka
30%
92 | 93 Nesta
30%
92 | 94 Puyol
30%
92 | 93 Schmeichel
30%
96 Aubameyang
29%
97 Ben Yedder
29%
91 Boateng
29%
91 Costa
29%
92 | 94 | 95 Garrincha
29%
91 | 95 Mertens
29%
91 | 93 Ballack
27%
91 | 93 | 94 Baresi
27%
92 | 94 Cannavaro
27%
92 Coutinho
27%
91 | 93 | 94 Eusebio
27%
93 | 96 Gomez
27%
95 Vardy
27%
91 | 93 Gerrard
26%
94 Handanović
26%
93 Insigne
26%
92 Lampard
26%
92 | 93 Moore
26%
91 | 92 Owen
26%
94 Rashford
26%
91 | 92 Vieira
26%
92 | 94 Zanetti
26%
96 Ziyech
26%
91 Campbell
25%
92 Essien
25%
92 | 94 Giggs
25%
93 | 95 Henry
25%
92 | 93 Lineker
25%
91 | 93 | 94 Matthaus
25%
92 | 94 Pirlo
25%
91 | 93 Socrates
25%
93 Busquets
23%
91 | 93 Drogba
23%
92 Felix
23%
91 | 92 Hagi
23%
91 | 92 Shearer
23%
91 Zambrotta
23%
91 Deco
22%
91 Desailly
22%
91 Eriksen
22%
93 Godin
22%
91 Jesus
22%
91 Rodrygo
22%
92 | 94 Del Piero
21%
94 Depay
21%
91 Hakimi
21%
91 | 93 Klose
21%
92 Larsson
21%
91 Lehmann
21%
91 Luiz
21%
94 Marquinhos
21%
92 Petit
21%
91 Ribery
21%
91 | 92 Scholes
21%
94 Sommer
21%
91 Vieri
21%
94 Aouar
19%
92 | 93 Bergkamp
19%
93 | 94 Best
19%
91 Blanc
19%
91 | 92 Hierro
19%
91 Iniesta
19%
91 | 92 Koulibaly
19%
91 Laudrup
19%
91 Okocha
19%
91 | 92 Pires
19%
92 | 93 Sanchez
19%
92 | 93 Van Nistelrooy
19%
92 Cuadrado
18%
91 Fernandinho
18%
92 Overmars
18%
91 | 92 Riquelme
18%
91 Valverde
18%
94 Van De Beek
18%
91 Veron
18%
92 | 93 Butragueno
16%
91 Inzaghi
16%
92 Laudrup
16%
94 Milinković-Savić
16%
91 | 93 Nedved
16%
92 | 93 Raul
16%
94 Sanches
16%
91 | 93 Shevchenko
16%
91 | 92 Trezeguet
16%
92 Zola
16%
92 Crespo
15%
95 De Vrij
15%
91 Keane
15%
91 Litmanen
15%
95 Paulinho
15%
91 Rijkaard
15%
91 | 92 Rush
15%
93 Saul
15%
91 | 93 Seedorf
15%
92 | 95 Tevez
15%
91 Barnes
14%
92 | 93 Dalglish
14%
94 David
14%
94 Fernandez
14%
91 Guardiola
14%
91 Makelele
14%
92 Odegaard
14%
93 Richarlison
14%
91 Rooney
14%
92 | 93 Stoichkov
14%
91 Allan
12%
91 | 92 Kluivert
12%
91 | 93 Koeman
12%
92 Mandanda
12%
92 Opara
12%
92 Pedro
12%
95 Promes
12%
94 Telles
12%
93 Upamecano
12%
96 Vela
12%
96 Aduriz
11%
91 | 93 | 94 Baggio
11%
91 Hradecky
11%
94 Hulk
11%
93 Oscar
11%
93 Parejo
11%
92 Sabitzer
11%
92 Blind
10%
91 Dias
10%
93 Manolas
10%
92 Matuidi
10%
93 Moreno
10%
95 Orsić
10%
93 Tagliafico
10%
92 Anderson
8%
92 Atal
8%
94 Cazorla
8%
96 Fekir
8%
92 Gabriel
8%
93 Gueye
8%
91 | 96 Ilicić
8%
91 Kovacić
8%
91 Lopez
8%
93 Nainggolan
8%
93 Ndombele
8%
93 Payet
8%
91 Pereira
8%
94 Smalling
8%
93 Witsel
8%
92 Zaha
8%
93 Acerbi
7%
94 Augusto
7%
93 Dessaily
7%
94 Kostić
7%
93 Lala
7%
93 Lucas
7%
92 Nani
7%
93 Rafa
7%
91 | 94 Salvio
7%
91 Valencia
7%
92 Zahavi
7%
91 Cyprien
5%
92 Edouard
5%
92 Fuenzalida
5%
93 Gignac
5%
92 Giovinco
5%
94 Idrissi
5%
93 Ings
5%
91 Jimenez
5%
92 Phillips
5%
94 Pizzi
5%
92 Reguilon
5%
91 Tonali
5%
91 Aued
4%
92 Cesinha
4%
92 Draxler
4%
92 Ginter
4%
92 Kruse
4%
91 Laba
4%
91 Mathieu
4%
92 Mitrović
4%
92 Moraes
4%
91 Ndidi
4%
93 Osimhen
4%
93 Quaison
4%
91 Rossi
4%
92 Savanier
4%
92 Sosa
4%
92 Taarabt
4%
92 Undav
4%
93 Visca
4%
92 De Rossi
3%
93 Evander
3%
92 Grealish
3%
91 Guilherme
3%
92 Hamdallah
3%
91 Johnathan
3%
91 Kamada
3%
91 Lodeiro
3%
93 Maja
3%
91 Miranda
3%
92 Moralez
3%
93 Pozuelo
3%
92 Raphinha
3%
92 Ricaurte
3%
91 Sorloth
3%
91 Teixeira
3%
Nie znaleziono quizów pasujących do podanych kryteriów
Rozkład punktacji
Procent ludzi z każdym wynikiem
Percentyl według liczby udzielonych odpowiedzi
Twoja historia wyników
Nie rozwiązałeś tego quizu